• 首页
  • 本馆介绍
  • 公告通知
  • 最新文献
  • 馆藏检索
  • 电子资源
  • 读者导购
  • 参考咨询
  • 我的图书馆
  • 登录
  • 详细信息显示
  • 放入我的书架
  • 预约/预借图书
  • 作者相关作品
  • 分类相关作品
  • 丛书相关作品
  • 出版社相关作品

书目信息

  • 表格格式
  • 工作单格式
  • 卡片格式
题名:
自律的培养和不良行为的预防与矫正
    
 
作者: 贝尔 著 ;黄喜珊 译
分册:  
出版信息: 武汉   华中科技大学出版社  2016
页数: 365页
开本: 24cm
丛书名: 应用心理学新经典译丛
单 册:
中图分类: D669.5
科图分类:
主题词: 青少年--qing shao nian--不良行为--防治--研究
电子资源:
ISBN: 978-7-5609-7614-3
000 01490nam0 22003011 450
001 0102164929
005 20170502164929.0
010    @a978-7-5609-7614-3@dCNY88.00
100    @a20160907d2016 a y0chiy50 ea
101 1  @achi@ceng
102    @aCN@b420000
105    @ay z 000yy
106    @ar
200 1  @a自律的培养和不良行为的预防与矫正@9zi lv de pei yang he bu liang hang wei de yu fang yu jiao zheng@dDeveloping self-discipline and preventing and correcting misbehavior@fGeorge G. Bear著@g黄喜珊译@zeng
210    @a武汉@c华中科技大学出版社@d2016
215    @a365页@d24cm
225 2  @a应用心理学新经典译丛@9ying yong xin li xue xin jing dian yi cong@i青少年问题行为研究
300    @a广州市哲学社会科学规划研究项目资助成果 广州市人文社会科学重点研究基地“幸福广州”心理服务研究与辅导基地资助研究项目成果
312    @a书名原文:Developing self-discipline and preventing and correcting misbehavior
330    @a本书包括培养自律、作为惩罚的纪律问题与争议、关于学生管理与个性陶冶思考方式的变迁、社会及道德问题的解决与自律的发展、通过有效的课堂管理预防问题行为等内容。
461  0 @12001 @a应用心理学新经典译丛
510 1  @aDeveloping self-discipline and preventing and correcting misbehavior@zeng
606 0  @a青少年@9qing shao nian@x不良行为@x防治@x研究
690    @aD669.5@v5
701  0 @c(美)@a贝尔@9bei er@c(Bear, George G.)@4著
702  0 @a黄喜珊@9huang xi shan@c(女,@f1973~)@4译
801  0 @aCN@b百万庄@c20170308
905    @b1003096-101@dD669.5@e176@f6
    
    自律的培养和不良行为的预防与矫正=Developing self-discipline and preventing and correcting misbehavior/George G. Bear著/黄喜珊译.-武汉:华中科技大学出版社,2016
    365页;24cm.-(应用心理学新经典译丛.青少年问题行为研究)
    广州市哲学社会科学规划研究项目资助成果 广州市人文社会科学重点研究基地“幸福广州”心理服务研究与辅导基地资助研究项目成果
    
    ISBN 978-7-5609-7614-3:CNY88.00
    本书包括培养自律、作为惩罚的纪律问题与争议、关于学生管理与个性陶冶思考方式的变迁、社会及道德问题的解决与自律的发展、通过有效的课堂管理预防问题行为等内容。
●
相关链接 在E读中查询图书 在五车中查询图书 在当当中查询图书 在豆瓣中查询图书


正题名:自律的培养和不良行为的预防与矫正     索取号:D669.5/176         预约/预借

序号 登录号 条形码 馆藏地/架位号 状态 备注
1 1003096   210030964   第一样本阅览室/ [索取号:D669.5/176] 在馆    
2 1003097   210030973   教育系资料室/ [索取号:D669.5/176] 在馆    
3 1003098   210030982   教育系资料室/ [索取号:D669.5/176] 在馆    
4 1003099   210030991   教育系资料室/ [索取号:D669.5/176] 在馆    
5 1003100   210031008   第一借阅区/ [索取号:D669.5/176] 在馆    
6 1003101   210031017   第一借阅区/ [索取号:D669.5/176] 在馆    
唐山师范学院图书馆 欢迎您!
大连网信软件有限公司© 版权所有